[Event "Regionalliga SW 9899"]
[Site "Bayern"]
[Date "1999.??.??"]
[Round "9.8"]
[White "Wiest, Martin"]
[Black "Marschner, Guenter"]
[Result "1/2-1/2"]
[WhiteElo "1675"]
[BlackElo "1925"]
[PlyCount "50"]
[EventDate "1998.??.??"]
[EventType "team-tourn"]
[EventRounds "9"]
[EventCountry "GER"]
[SourceTitle "EXT 2020"]
[Source "ChessBase"]
[SourceDate "2019.10.17"]
[SourceVersion "1"]
[SourceVersionDate "2019.10.17"]
[SourceQuality "1"]
[WhiteTeam "Lauingen"]
[BlackTeam "Sonthofen"]
[WhiteTeamCountry "GER"]
[BlackTeamCountry "GER"]

1. e4 c6 2. d4 d5 3. e5 Bf5 4. Bd3 Bxd3 5. Qxd3 e6 6. f4 Ne7 7. Ne2 Nd7 8. Be3 Nf5 9. c3 c5 10. Bf2 Qb6 11. Qd2 Rc8 12. 0-0 Be7 13. Na3 0-0 14. Rab1 a6 15. Nc2 cxd4 16. Ncxd4 Nxd4 17. Bxd4 Bc5 18. Kh1 f5 19. exf6 Nxf6 20. Bxc5 Qxc5 21. Nd4 Ne4 22. Qe2 Qd6 23. Qe3 g6 24. Rbe1 Qb6 25. Nb3 Qd6 1/2-1/2